00480 2200169 4500001002100000008004100021035002000062245007900082100002000161260003100181300002100212020002200233084001600255082000800271650001700279990001400296INLIS000000000000816 ind  a0010-0426000013 aFisika Dasar Edisi 7 Jilid 3cDavid Halliday; Robert Resnick; Jearl Walker aHalliday, David aJakarta :bErlangga,c2010 a274 hlm.c28 cm. a978-602-241-736-1 a530 HAL f-3 a530 aFisika Dasar a000001525